La responsabilidad estatal frente a la violación de la garantía del plazo razonable en los procedimientos administrativos / (Registro nro. 6112)
[ vista simple ]
| 000 -LEADER | |
|---|---|
| fixed length control field | 01352nabaa22002057a 4500 |
| 003 - CONTROL NUMBER IDENTIFIER | |
| control field | OSt |
| 005 - DATE AND TIME OF LATEST TRANSACTION | |
| control field | 20260122100230.0 |
| 008 - FIXED-LENGTH DATA ELEMENTS--GENERAL INFORMATION | |
| fixed length control field | 190701b xxu||||| |||| 00| 0 spa d |
| 040 ## - CATALOGING SOURCE | |
| Transcribing agency | PJ |
| 100 ## - MAIN ENTRY--PERSONAL NAME | |
| 9 (RLIN) | 4985 |
| Personal name | Sabalua, Francisco M. |
| 245 13 - TITLE STATEMENT | |
| Title | La responsabilidad estatal frente a la violación de la garantía del plazo razonable en los procedimientos administrativos / |
| Statement of responsibility, etc | Francisco M. Sabalua, Lisandro Omar Emmanuel Erreguerena. |
| 300 ## - PHYSICAL DESCRIPTION | |
| Extent | p. 31-38 |
| 505 ## - FORMATTED CONTENTS NOTE | |
| Formatted contents note | Sumario: I. Introducción.— II. La garantía del plazo razonable y la tutela administrativa efectiva.— III. Los cuatro elementos (o reglas) evaluables a fin de determinar si se violó la garantía del plazo razonable.— IV. Fundamentos jurídicos del deber estatal de resarcir ante la violación de la garantía del plazo razonable.— V. La solución jurídica a la luz de la dikelogía.— VI. Repercusiones en la dimensión social: un caso ilustrativo.— VII. Conclusiones. |
| 505 ## - FORMATTED CONTENTS NOTE | |
| Title | ¿Te interesa el texto completo? Comunicate al correo: koha@justierradelfuego.gov.ar<br/> |
| 650 #0 - SUBJECT ADDED ENTRY--TOPICAL TERM | |
| 9 (RLIN) | 211 |
| Topical term or geographic name as entry element | DERECHO ADMINISTRATIVO |
| 650 #0 - SUBJECT ADDED ENTRY--TOPICAL TERM | |
| 9 (RLIN) | 1135 |
| Topical term or geographic name as entry element | PROCEDIMIENTO ADMINISTRATIVO |
| 700 ## - ADDED ENTRY--PERSONAL NAME | |
| 9 (RLIN) | 6880 |
| Personal name | Erreguerena, Lisandro Omar Emmanuel |
| 773 0# - HOST ITEM ENTRY | |
| Host Biblionumber | 2842 |
| Host Itemnumber | 3251 |
| Place, publisher, and date of publication | Buenos Aires : AbeledoPerrot, 2012- |
| Other item identifier | DA121 |
| Title | Derecho administrativo. Nº 146 marzo/abril 2023 |
| International Standard Book Number | 18510590 |
| 942 ## - ADDED ENTRY ELEMENTS (KOHA) | |
| Source of classification or shelving scheme | |
| Koha item type | Analítica Artículo de Revista |
No hay ítems disponibles.
